000 00330nam a2200121 a 4500
008 100917s1974|||| d
100 1 _aDruon, Maurice
245 1 0 _aPrekliati králi III
_bFrancúzska vlčica, ľalia a lev
260 _bSlovenský spisovateľ
_aBratislava
_c1974
020 _c99
044 _axo
_cSK
041 _aslo
999 _c10412
_d10412